Simon and Garfunkel - Homeward Bound Lyrics - Statistics

General Stats
  • This quiz has been taken 309 times
  • The average score is 18 of 24
Answer Stats
Answer % Correct
Chorus Homeward {bound}
100%
Chorus I wish I was {homeward bound}
95%
Verse 1 Got a ticket to my {destination}
92%
Chorus Home where my {love} lies waiting
90%
Verse 1 My suitcase and {guitar} in hand
90%
Verse 1 I’m sittin’ in the {railway station}
88%
Verse 2 Reminds me that I {long} to be
86%
Chorus {Silently} for me
85%
Verse 1 And every stop is neatly {planned}
83%
Verse 1 For a poet and a {one-man band}
83%
Chorus Home where my {music’s} playin’
83%
Chorus Home where my {thought’s} escapin’
81%
Verse 2 Of cigarettes and {magazines}
81%
Verse 3 Tonight I’ll sing my {songs} again
76%
Verse 2 And each {town} looks the same to me
75%
Verse 3 I need someone to {comfort} me
75%
Verse 3 In shades of {mediocrity}
72%
Verse 3 I’ll play the game and {pretend}
68%
Verse 1 On a tour of {one-night stands}
68%
Verse 2 Every day’s an endless {stream}
61%
Verse 2 The {movies} and the factories
54%
Verse 2 And every {stranger’s} face I see
53%
Verse 3 But all my {words} come back to me
50%
Verse 3 Like {emptiness} in harmony
49%
No matching quizzes found
Score Distribution
Percent of People with Each Score
Percentile by Number Answered
Your Score History
You have not taken this quiz